landen in de tweede wereldoorlog - Statistieken

Algemene statistieken
  • Deze quiz is 478 keer genomen
  • De gemiddelde score is 15 van 24
Antwoordstatistieken
Slachtoffers Landen % Correct
5.318.000 Duitsland
99%
18.200 Nederland
97%
210.000 Frankrijk
96%
407.300 Verenigde Staten
93%
12.000 België
92%
341.000 Italië
89%
240.000 Polen
89%
2.300.000 Japan
87%
383.700 Verenigd Koninkrijk
86%
3.750.000 China
74%
11.400.000 Sovjet Unie
74%
42.000 Canada
73%
95.000 Finland
55%
200.000 Hongarije
53%
39.700 Australië
52%
35.100 Griekenland
51%
300.000 Roemenië
45%
18.500 Bulgarije
44%
446.000 Joegoslavië
39%
11.700 Nieuw Zeeland
31%
34.000 Estland
29%
30.000 Letland
29%
25.000 Litouwen
29%
11.900 Zuid Afrika
19%
Geen overeenkomende quizzen gevonden
Scoreverdeling
Procent van Mensen met Elke Score
Percentiel versus Aantal Correcte Antwoorden
Uw Scoregeschiedenis
U heeft deze quiz nog niet genomen